| 000 | 00515nam a22001937a 4500 | ||
|---|---|---|---|
| 003 | CEME | ||
| 005 | 20210628205113.0 | ||
| 008 | 210128b xxu||||| |||| 00| 0 eng d | ||
| 020 | _a81-7808-531-3 | ||
| 040 | _c. | ||
| 082 | _a621.38152 BHA | ||
| 100 |
_aBhattacharya, Pallab _973903 |
||
| 245 | _aSemiconductor optoelectronic devices | ||
| 250 | _a2ND | ||
| 260 |
_aNEW DELHI _bPEARSON EDUCATION ASIA _c1997 |
||
| 300 | _aXXV,607 | ||
| 650 |
_aSEMICONDUCTOR OPTOELECTRONIC DEVICES _973904 |
||
| 942 |
_cBK _2ddc |
||
| 999 |
_c579521 _d579521 |
||